000 03313cam a2200409 4500500
005 20260412000557.0
041 _afre
042 _adc
100 1 0 _aGilliotte, Quentin
_eauthor
245 0 0 _aStock et flux
260 _c2022.
500 _a88
520 _aComment les individus classent et organisent les biens culturels numériques ? Pour les biens physiques, classer ses DVD, ses jeux vidéo, ou ses CD par taille, support, genre, auteur, ordre de consommation correspond à des formes d’engagement qui viennent soutenir la consommation des biens culturels, lui donner du sens. Quand il s’agit des biens numériques et qu’il n’y a plus de classification à établir par soi-même, de quelles façons se manifestent les différents niveaux d’engagement dans la pratique ?Nous nous appuyons sur plus de 60 entretiens semi-directifs et sur les données issues d’un questionnaire administré auprès de plus de 2000 répondants par méthode des quotas. L’article montre comment les individus mettent en place des architectures attentionnelles pour ordonner les biens culturels en stock et en flux. Ces pratiques se transforment, et se déplacent de plus en plus vers des formes idiosyncrasiques de classement où l’individu est le principal horizon des pratiques de classification. Il s’agit moins d’ordonner les biens numériques selon des critères institutionnels (le genre, la date, l’ordre alphabétique) que selon des logiques de gestion personnelle de sa consommation.
520 _aHow do individuals classify and organize digital cultural goods? Where physical goods are concerned, classifying DVDs, video games or CDs by size, format, genre, author, or order of consumption corresponds to forms of engagement that support the consumption of cultural goods and give them meaning. When it comes to digital goods and there is no longer any classification to be established by oneself, in what ways are the different levels of engagement manifested in practice?We draw on more than 60 semi-structured interviews and on data from a questionnaire administered to over 2,000 respondents using the quota method. The article shows how individuals set up attentional architectures to arrange cultural goods in stocks and flows. These practices are changing and are increasingly moving towards idiosyncratic forms of classification where the individual is the main criterion of classification practices. This is more a question of arranging digital goods according to the personal management of one’s consumption than according to institutional criteria (genre, date, alphabetical order).
690 _abiens culturels
690 _aclassement
690 _afilms
690 _ajeux vidéo
690 _amusique
690 _anumérique
690 _aorganisation
690 _aplaylist
690 _arangement
690 _aséries
690 _acultural goods
690 _adigital
690 _afiling
690 _afilms
690 _amusic
690 _aorganization
690 _aplaylist
690 _aseries
690 _astorage
690 _avideo games
786 0 _nRéseaux | 232-233 | 2 | 2022-05-23 | p. 229-260 | 0751-7971
856 4 1 _uhttps://shs.cairn.info/revue-reseaux-2022-2-page-229?lang=fr&redirect-ssocas=7080
999 _c2210432
_d2210432